ING retains global top spot (Record no. 83222)

MARC details
000 -LEADER
fixed length control field 01166cab a22002055a 4500
001 - CONTROL NUMBER
control field L153190
008 - FIXED-LENGTH DATA ELEMENTS--GENERAL INFORMATION
fixed length control field 110621e2011 xxk 000 0 eng d
035 ## - SYSTEM CONTROL NUMBER
System control number (Sirsi) u153190
041 0# - LANGUAGE CODE
Language code of text/sound track or separate title eng
110 2# - MAIN ENTRY--CORPORATE NAME
Corporate name or jurisdiction name as entry element EuroProperty
9 (RLIN) 1216
245 00 - TITLE STATEMENT
Title ING retains global top spot
260 ## - PUBLICATION, DISTRIBUTION, ETC.
Date of publication, distribution, etc. 2011
490 #0 - SERIES STATEMENT
Series statement EuroProperty
Volume/sequential designation 10 June 2011, 10-17(8)
520 ## - SUMMARY, ETC.
Summary, etc. ING Real Estate Investment Management remains the world's biggest property fund manager according to the 2011 "EuroProperty/INREV survey of European property fund managers" which collates the views of 104 fund managers controlling just over Euros 1trn. ING is to merge with CB Richard Ellis Investors (CBREI ) and will then control Euros 88.6bn assets boosting CBREI's presence in Europe and ING's in the US. AXA Real Estate with Euros 39.7bn of managed assets still retains the top position in Europe. Presents full survey details and tables of the top 10 European managers 2011 and 2010.
590 ## - LOCAL NOTE (RLIN)
Local note KA
650 24 - SUBJECT ADDED ENTRY--TOPICAL TERM
Topical term or geographic name entry element EUROPROPERTY/INREV SURVEY OF EUROPEAN PROPERTY FUND MANAGERS
651 #4 - SUBJECT ADDED ENTRY--GEOGRAPHIC NAME
Geographic name Europe
690 ## - LOCAL SUBJECT ADDED ENTRY--TOPICAL TERM (OCLC, RLIN)
Topical term or geographic name as entry element PROPERTY-COMMERCIAL PROPERTY-COMMERCIAL PROPERTY FINANCE AND INVESTMENT
942 ## - ADDED ENTRY ELEMENTS (KOHA)
Suppress in OPAC 0
Holdings
Withdrawn status Lost status Source of classification or shelving scheme Damaged status Not for loan Home library Current library Shelving location Date acquired Total Checkouts Full call number Barcode Date last seen Copy number Price effective from Koha item type
    Dewey Decimal Classification     London London Journal article 21/06/2011   L153190 153190-1001 06/08/2019 1 06/08/2019 Journal article